| 000 | 01104naa a22003137a 4500 | ||
|---|---|---|---|
| 001 | BR8104307 | ||
| 003 | BR-BrBNA | ||
| 005 | 20240918174750.0 | ||
| 007 | ta | ||
| 008 | 230509b bl.||||| |||| 00| 0 por d | ||
| 040 |
_aBR-BrBNA _bpor _cBiblioteca Nacional de Agricultura |
||
| 041 | _a(Pt) | ||
| 072 |
_aF10; H50 _b0150 _bG514 |
||
| 090 | _aF10 BR8104307 | ||
| 100 | 1 | _aInfeld, J.A. | |
| 111 | 1 |
_a11. Reuniao da Cultura do Arroz Irrigado _cPelotas, RS (Brazil) _d15 Sep 1981 |
|
| 245 | 1 | _aBaixas temperaturas e esterilidade em arroz irrigado [Oryza sativa; Rio Grande do Sul; Brasil] | |
| 260 | 3 |
_aPelotas, RS (Brasil): _c1981. |
|
| 500 | _aAnais da 11. Reuniao da Cultura do Arroz Irrigado Pelotas, RS (Brasil): 1981. p. 115-118 (BR8104307-AM)F10 | ||
| 650 | _aARROZ | ||
| 650 | _aVARIEDADE | ||
| 650 | _aLINHAGEM | ||
| 650 | _aTEMPERATURA | ||
| 650 | _aRENDIMENTO | ||
| 650 | _aRIO GRANDE DO SUL | ||
| 773 | 0 |
_tAnais da 11. Reuniao da Cultura do Arroz Irrigado _wF10 BR8104307 _gPelotas, RS (Brasil), 1981. p. 115-118 |
|
| 909 |
_a202404 _bLucia _c55 _dLucia Elande |
||
| 942 |
_cAM _2AGRIS |
||
| 999 |
_c313429 _d313429 |
||